000 00505nam a22001817a 4500
999 _c6636
_d6636
003 GBCCL
005 20241126110607.0
008 180521b ||||| |||| 00| 0 eng d
040 _cgbc
082 _a226.9
_bSTE
100 _aStewart, Don H.
_911869
245 _aMatthew 5-7:
_bdesign for discipleship /
_cDon H. Stewart
260 _aNashville:
_bConvention Press,
_c1992
300 _a128 p.;
_bill.,
_c20 cm.
650 _aSermon on the mount
_911870
650 _aChristian life
_9183
942 _2ddc
_cBK